New understanding physics for advanced level(4th edition) (Record no. 78797)

MARC details
000 -LEADER
fixed length control field 01155nam a2200193 a 4500
008 - FIXED-LENGTH DATA ELEMENTS--GENERAL INFORMATION
fixed length control field 201116s2014 ||||||||||||||||| || u
020 ## - INTERNATIONAL STANDARD BOOK NUMBER
International Standard Book Number 9780748743148
050 ## - LIBRARY OF CONGRESS CALL NUMBER
Classification number QC 23.2 Bre
100 ## - MAIN ENTRY--PERSONAL NAME
Personal name Breithaupt, Jim
245 10 - TITLE STATEMENT
Title New understanding physics for advanced level(4th edition)
Statement of responsibility, etc. By Jim Breithaupt
250 ## - EDITION STATEMENT
Edition statement 4th edition
260 ## - PUBLICATION, DISTRIBUTION, ETC.
Place of publication, distribution, etc. Oxford
Name of publisher, distributor, etc. Oxford University Press
Date of publication, distribution, etc. 2014
300 ## - PHYSICAL DESCRIPTION
Extent ix, 727 pages: illustrations
350 ## -
-- 152.94
995 ## -
-- MEDICAL LIBRARY OPEN ACCESS
-- 905188
-- CBU-SCHOOL OF MEDICINE LIBRARY (Ndola)
-- 152.94
-- QC 23.2 Bre
-- 2
-- AVAILABLE
-- Nov 17, 2020
-- 905188
-- Medical Library Open Access Collection
995 ## -
-- MAIN LIBRARY OPEN ACCESS
-- 750605
-- CBU-MAIN LIBRARY (Kitwe)
-- 152.94
-- QC 23.2 Bre
-- 3
-- AVAILABLE
-- Dec 7, 2020
-- 750605
-- Main Library Open Access Collection
995 ## -
-- MAIN LIBRARY OPEN ACCESS
-- 750606
-- CBU-MAIN LIBRARY (Kitwe)
-- 152.94
-- QC 23.2 Bre
-- 4
-- AVAILABLE
-- Dec 7, 2020
-- 750606
-- Main Library Open Access Collection
995 ## -
-- MEDICAL LIBRARY OPEN ACCESS
-- 905187
-- CBU-SCHOOL OF MEDICINE LIBRARY (Ndola)
-- 152.94
-- QC 23.2 Bre
-- 1
-- AVAILABLE
-- Nov 17, 2020
-- 905187
-- Medical Library Open Access Collection
999 ## -
-- 78797
-- 78797
Holdings
Withdrawn status Lost status Source of classification or shelving scheme Damaged status Not for loan Permanent Location Current Location Shelving location Date acquired Total Checkouts Full call number Barcode Date last seen Copy number Price effective from Koha item type Date last checked out
          CBU-MAIN LIBRARY, KITWE. CBU-MAIN LIBRARY, KITWE.   06/06/2023 2 QC 23.2 Bre 750605 02/04/2026 2 06/06/2023 MONOGRAPH 01/26/2026
          CBU-MAIN LIBRARY, KITWE. CBU-MAIN LIBRARY, KITWE.   06/06/2023 1 QC 23.2 Bre 750606 07/17/2025 3 06/06/2023 MONOGRAPH 07/02/2025
          CBU-SCHOOL OF MEDICINE LIBRARY, NDOLA. CBU-SCHOOL OF MEDICINE LIBRARY, NDOLA.   06/06/2023   QC 23.2 Bre 905188 06/06/2023 1 06/06/2023 MONOGRAPH  
          CBU-SCHOOL OF MEDICINE LIBRARY, NDOLA. CBU-SCHOOL OF MEDICINE LIBRARY, NDOLA.   06/06/2023   QC 23.2 Bre 905187 06/06/2023 4 06/06/2023 MONOGRAPH